Piernal de cueca chora /

Bibliographic Details
Format: Libro
Language:English
Published: Valparaíso Quilombo 2009

MARC

LEADER 00000cam a2200000 a 4500
001 033899
003 UAHC_CL
005 20170803123701.0
008 130926b xx j 000 1 eng
040 |a UAHC_CL  |c UAHC_CL  |d UAHC_CL 
245 1 0 |a Piernal de cueca chora /  |c Araucaria Rojas, ilustraciones Alberto Montt. 
260 |b Quilombo  |a Valparaíso  |c 2009 
900 |a FONDECYT 
942 |c BK 
952 |0 0  |1 0  |4 0  |6 FONDECYT  |7 0  |8 General  |9 64706  |a BC  |b BC  |c General  |d 2017-08-03  |l 0  |o FONDECYT  |p 220A  |q 2017-06-28  |r 2017-08-03 00:00:00  |t 1  |w 2017-08-03  |y BK 
999 |c 33899  |d 33899